00241nam a22001217a 4500003000400000020001800004082000700022100001600029245002800045250000800073260003000081300000800111SGT a9789387477247 bDE aDE, ANIL K. aENVIRONMENTAL CHEMISTRY a9TH bNEW AGE PUBLICATIONc2019 a371